[Event "AUTO-OPEN-386"]
[Site "http://www.queenalice.com/game.php?id=234163"]
[Date "2007.7.3"]
[Round "2"]
[White "gillou91"]
[Black "waldgeist"]
[Result "1-0"]
[WhiteElo "2104"]
[BlackElo "2016"]

1. d4 g6 2. e4 Bg7 3. f4 d6 4. Nf3 Nf6 5. Bd3 c5 6. c3 cxd4 7. cxd4 Nc6 8. Nc3
O-O 9. e5 Nh5 10. Be3 dxe5 11. fxe5 Bg4 12. Be4 f5 13. Bd5+ Kh8 14. O-O f4 15.
Bf2 e6 16. Be4 Bf5 17. Qe2 Rc8 18. Rfd1 Qa5 19. Bxf5 Rxf5 20. Qb5 Qxb5 21. Nxb5
Bf8 22. Rac1 a6 23. Nc3 Ng7 24. Ne4 Rc7 25. Nf6 Be7 26. Ne4 Ne8 27. Nc5 Bxc5 28.
Rxc5 Kg7 29. Nd2 h6 30. Ne4 f3 31. g3 Rd7 32. Rd2 g5 33. h3 Kg6 34. a3 Rff7 35.
b4 h5 36. Be3 g4 37. Ng5 Rfe7 38. hxg4 hxg4 39. Nxe6 Rxe6 40. d5 Ree7 41. dxc6
bxc6 42. Rxc6+ Kf5 43. Rxd7 Rxd7 44. Rc4 Kxe5 45. Rxg4 Nf6 46. Rf4 Rd3 47. Rxf3
Ke6 48. Kg2 Rxa3 49. Bd4 Rxf3 50. Kxf3 1-0

[Event "GERMAN OPEN"]
[Site "http://www.queenalice.com/game.php?id=239159"]
[Date "2007.7.12"]
[Round "3"]
[White "waldgeist"]
[Black "Sherlock6834"]
[Result "1-0"]
[WhiteElo "1984"]
[BlackElo "1857"]

1. c4 c5 2. Nf3 Nc6 3. Nc3 Nf6 4. g3 d6 5. Bg2 g6 6. O-O Bg7 7. d4 cxd4 8. Nxd4
Nxd4 9. Qxd4 O-O 10. Qd3 a6 11. a4 Qc7 12. Bf4 Be6 13. b3 Rad8 14. Rad1 b6 15.
Nd5 Bxd5 16. cxd5 Qb7 17. b4 Rc8 18. e4 Nd7 19. Qb3 Rc7 20. Be3 Rfc8 21. Rc1 Rc3
22. Rxc3 Rxc3 23. Qa2 Qc7 24. Rb1 Rc2 25. Qb3 Ne5 26. Bxb6 Rc1+ 27. Rxc1 Qxc1+
28. Bf1 Nf3+ 29. Qxf3 Bc3 30. b5 axb5 31. axb5 Be5 32. Ba7 1-0

[Event "AUTO-INT-188"]
[Site "http://www.queenalice.com/game.php?id=253593"]
[Date "2007.8.10"]
[Round "2"]
[White "Esnar"]
[Black "waldgeist"]
[Result "0-1"]
[WhiteElo "1910"]
[BlackElo "2017"]

1. d4 g6 2. c4 Bg7 3. Nc3 c5 4. d5 d6 5. e4 Nd7 6. Nf3 Ne5 7. Nxe5 Bxe5 8. f4
Bxc3+ 9. bxc3 Qa5 10. Qc2 h5 11. Bd3 h4 12. O-O Bd7 13. e5 O-O-O 14. Rb1 h3 15.
g3 Nh6 16. e6 fxe6 17. Bxg6 Rdg8 18. dxe6 Ba4 19. Qd3 Bc6 20. Be4 Bxe4 21. Qxe4
Qc7 22. Rf2 Ng4 23. Rfb2 b6 24. a4 Qb7 25. Qd5 Nf6 26. Qxb7+ Kxb7 27. a5 Ra8 28.
axb6 a5 29. Kf2 Rhb8 30. Kf3 a4 31. g4 Rg8 32. g5 Nh5 33. Kg4 Nf6+ 34. Kxh3 Ne4
35. Rc2 Ra6 36. Kg4 Nf6+ 37. Kf3 Nh5 38. Ra2 Rh8 39. Kg4 a3 40. Rxa3 Rxb6 0-1

[Event "AUTO-INT-188"]
[Site "http://www.queenalice.com/game.php?id=253594"]
[Date "2007.8.10"]
[Round "2"]
[White "waldgeist"]
[Black "Esnar"]
[Result "1-0"]
[WhiteElo "2004"]
[BlackElo "1923"]

1. Nf3 d5 2. g3 c5 3. c4 d4 4. Bg2 Nc6 5. d3 e5 6. O-O Nf6 7. e4 Be7 8. Nbd2 O-O
9. Nh4 Nb4 10. Ndf3 Qc7 11. Nf5 Bxf5 12. exf5 Nxd3 13. Qxd3 e4 14. Qc2 exf3 15.
Bxf3 Rad8 16. Qb3 b6 17. Bf4 Bd6 18. Bxd6 Qxd6 19. Qd3 Nd7 20. Rfe1 Ne5 21. Qb3
Rfe8 22. Bg2 Qf6 23. Qa4 Qxf5 24. Rad1 Qd7 25. Qxd7 Nxd7 26. Bc6 Rxe1+ 27. Rxe1
Nf6 28. f4 Ng4 29. Re2 Ne3 30. b3 Kf8 31. a3 f5 32. Kf2 Ke7 33. Rd2 Kd6 34. Bf3
h6 35. h4 g5 36. hxg5 hxg5 37. fxg5 Rg8 38. a4 a5 39. Re2 Rxg5 40. Re1 Ng4+ 41.
Ke2 1-0

[Event "AUTO-INT-188"]
[Site "http://www.queenalice.com/game.php?id=253595"]
[Date "2007.8.10"]
[Round "2"]
[White "aarongale"]
[Black "waldgeist"]
[Result "0-1"]
[WhiteElo "1730"]
[BlackElo "1999"]

1. e4 d6 2. d4 Nf6 3. Nc3 g6 4. Bg5 Bg7 5. Bc4 Nxe4 6. Nxe4 d5 7. Bxd5 Qxd5 8.
f3 Nc6 9. Be3 O-O 10. Ne2 Rd8 11. Nf4 Qa5+ 12. Kf2 Nxd4 13. Bxd4 Bxd4+ 14. Kg3
Bf2+ 15. Nxf2 Rxd1 16. Rhxd1 Qg5+ 17. Ng4 Bxg4 18. fxg4 f5 19. h3 fxg4 20. hxg4
h5 21. Kf3 Qxg4+ 22. Ke3 e5 23. Nd5 Qg3+ 24. Ke4 Qxg2+ 25. Kxe5 Re8+ 26. Kf6
Qf3+ 27. Kxg6 Qg4+ 28. Kf6 Re6# 0-1

[Event "AUTO-INT-188"]
[Site "http://www.queenalice.com/game.php?id=253596"]
[Date "2007.8.10"]
[Round "2"]
[White "waldgeist"]
[Black "aarongale"]
[Result "1-0"]
[WhiteElo "2004"]
[BlackElo "1741"]

1. Nf3 g6 2. c4 Bg7 3. Nc3 Bxc3 4. dxc3 c5 5. g3 d6 6. Bg2 Nc6 7. O-O Be6 8. b3
Nf6 9. Ne1 Qd7 10. Bg5 h6 11. Bxf6 exf6 12. Qd2 O-O-O 13. Qf4 f5 14. Rd1 Qe7 15.
Nd3 g5 16. Qe3 Rde8 17. Nb2 Qf6 18. Rxd6 Rd8 19. Rfd1 Kc7 20. Qxc5 Rxd6 21.
Qxd6+ Kc8 22. Bxc6 bxc6 23. Qxc6+ Kb8 24. Rd7 Bxd7 25. Qxf6 Re8 26. Qxf7 Bc6 27.
e3 Rd8 28. Qxf5 Rd2 29. Qg6 Kb7 30. Qb1 h5 31. h4 gxh4 32. gxh4 Rd6 33. Nd3 Be4
34. Nc5+ Kc6 35. Nxe4 1-0

[Event "AUTO-ADV-395"]
[Site "http://www.queenalice.com/game.php?id=284933"]
[Date "2007.10.11"]
[Round "2"]
[White "ray"]
[Black "waldgeist"]
[Result "0-1"]
[WhiteElo "1640"]
[BlackElo "2009"]

1. c4 g6 2. Nc3 Bg7 3. g3 c5 4. Bg2 Nc6 5. e3 d6 6. Nge2 Nf6 7. O-O O-O 8. f4
Qb6 9. b3 a6 10. Rb1 Re8 11. Ne4 Nxe4 12. Bxe4 f5 13. Bd5+ e6 14. Bf3 Nb4 15.
Nc3 Qa5 16. a4 e5 17. Nd5 Nxd5 18. Bxd5+ Be6 19. Bxe6+ Rxe6 20. fxe5 dxe5 21.
Bb2 e4 22. Bxg7 Kxg7 23. h4 Rd8 24. h5 Rxd2 25. Qc1 Rd3 26. g4 gxh5 27. Rxf5
hxg4 28. Qb2+ Qc3 29. Qg2 Rxe3 30. Qxg4+ Rg6 31. Qxg6+ hxg6 32. Rbf1 Rg3+ 33.
Kh2 Rh3+ 34. Kg2 Qg3# 0-1

[Event "AUTO-ADV-395"]
[Site "http://www.queenalice.com/game.php?id=284934"]
[Date "2007.10.11"]
[Round "2"]
[White "waldgeist"]
[Black "ray"]
[Result "1-0"]
[WhiteElo "2014"]
[BlackElo "1639"]

1. Nf3 c5 2. c4 Nc6 3. Nc3 g6 4. g3 Bg7 5. Bg2 Nf6 6. O-O O-O 7. e4 e5 8. d3 Ng4
9. Nd5 d6 10. Qb3 Nd4 11. Nxd4 f5 12. Nf3 fxe4 13. dxe4 b6 14. Re1 Bb7 15. a4
Qd7 16. h3 Nf6 17. Nxf6+ Bxf6 18. Bg5 Bxg5 19. Nxg5 Rf6 20. h4 Raf8 21. f3 h6
22. Nh3 g5 23. hxg5 hxg5 24. Nxg5 Rg6 25. Qe3 Qg7 26. f4 exf4 27. gxf4 Rgf6 28.
f5 Re8 29. Qd2 d5 30. cxd5 Bc8 31. Rac1 Ba6 32. Ne6 Rexe6 33. dxe6 Qg4 34. Qd8+
Kg7 35. Qe7+ Rf7 36. exf7 Kh6 37. f8=Q+ Kh5 38. Qh8# 1-0

[Event "AUTO-ADV-395"]
[Site "http://www.queenalice.com/game.php?id=316163"]
[Date "2007.12.6"]
[Round "3"]
[White "waldgeist"]
[Black "javierqz"]
[Result "1/2-1/2"]
[WhiteElo "2029"]
[BlackElo "2045"]

1. Nf3 d5 2. g3 Nc6 3. Bg2 e5 4. O-O Nf6 5. d3 Be7 6. c4 dxc4 7. dxc4 O-O 8. Qb3
Rb8 9. Nc3 Be6 10. Rd1 Qc8 11. Bg5 h6 12. Bxf6 Bxf6 13. Nd5 Bxd5 14. cxd5 Nd4
15. Nxd4 exd4 16. Rac1 Qg4 17. h3 Qxe2 18. Rxc7 Rfd8 19. a4 b5 20. a5 Rbc8 21.
Rxa7 Rc2 22. Qf3 Rxb2 23. a6 Qxf3 24. Bxf3 Ra2 25. Be4 g5 26. Rb7 Rxa6 27. Rxb5
Kg7 28. g4 Ra2 1/2-1/2

[Event "AUTO-ADV-395"]
[Site "http://www.queenalice.com/game.php?id=316164"]
[Date "2007.12.6"]
[Round "3"]
[White "javierqz"]
[Black "waldgeist"]
[Result "1-0"]
[WhiteElo "2040"]
[BlackElo "2013"]

1. e4 g6 2. d4 Bg7 3. Nf3 c5 4. Nc3 Qa5 5. Be3 Nf6 6. Qd2 Nc6 7. Bc4 cxd4 8.
Nxd4 Nxe4 9. Nxe4 Qxd2+ 10. Nxd2 Nxd4 11. Bxd4 Bxd4 12. O-O-O O-O 13. f3 e6 14.
Rhe1 d5 15. Bd3 a5 16. Nb3 Bg7 17. Bb5 a4 18. Nd4 a3 19. b3 h5 20. f4 h4 21. Nf3
Bb2+ 22. Kb1 Ra5 23. Bd3 b5 24. Nxh4 b4 25. Nf3 Bb7 26. g4 d4 27. Ne5 Kg7 28.
Nc4 1-0

[Event "GERMAN OPEN"]
[Site "http://www.queenalice.com/game.php?id=339517"]
[Date "2008.1.20"]
[Round "4"]
[White "laufchess"]
[Black "waldgeist"]
[Result "1-0"]
[WhiteElo "2011"]
[BlackElo "2030"]

1. e4 g6 2. d4 Bg7 3. Nc3 c5 4. Nf3 Qa5 5. dxc5 Bxc3+ 6. bxc3 Qxc3+ 7. Bd2 Qxc5
8. Bd3 Nc6 9. O-O Nf6 10. Bh6 Ng4 11. Bg7 Rg8 12. Bb2 h5 13. a4 d6 14. h3 Nge5
15. Nxe5 Nxe5 16. Bd4 Qb4 17. Bxe5 dxe5 18. Rb1 Qa3 19. Bb5+ 1-0

[Event "AUTO-ADV-826"]
[Site "http://www.queenalice.com/game.php?id=366471"]
[Date "2008.3.6"]
[Round "1"]
[White "yanpom"]
[Black "waldgeist"]
[Result "0-1"]
[WhiteElo "1812"]
[BlackElo "2018"]

1. e4 g6 2. Nf3 Bg7 3. d4 c5 4. d5 b5 5. Be2 a6 6. O-O Nf6 7. e5 Ng4 8. Bf4 d6
9. h3 Nxe5 10. Bxe5 dxe5 11. Re1 e4 12. Nh2 Bxb2 13. Nd2 Bxa1 14. Qxa1 O-O 15.
Nxe4 Qxd5 0-1

[Event "AUTO-ADV-826"]
[Site "http://www.queenalice.com/game.php?id=366472"]
[Date "2008.3.6"]
[Round "1"]
[White "waldgeist"]
[Black "yanpom"]
[Result "1-0"]
[WhiteElo "2010"]
[BlackElo "1820"]

1. Nf3 Nc6 2. g3 d6 3. Bg2 e5 4. O-O Be6 5. d3 h6 6. c4 Qd7 7. Qb3 Bh3 8. Bxh3
f5 9. Bxf5 Qxf5 10. Qxb7 Rd8 11. Qxc6+ Qd7 12. Qxd7+ Rxd7 13. Nc3 Nf6 14. Bd2
Rd8 15. a3 Be7 16. b4 Rb8 17. b5 1-0

[Event "AUTO-ADV-826"]
[Site "http://www.queenalice.com/game.php?id=366485"]
[Date "2008.3.6"]
[Round "1"]
[White "bugeyewrx"]
[Black "waldgeist"]
[Result "0-1"]
[WhiteElo "1826"]
[BlackElo "2026"]

1. e4 g6 2. Nf3 Bg7 3. Bc4 c5 4. d4 Nc6 5. Ng5 Nh6 6. d5 Ne5 7. Qe2 Nxc4 8. Qxc4
Qb6 9. c3 O-O 10. O-O Ng4 11. Bf4 Qxb2 12. d6 e5 13. Bc1 Qxa1 14. Qb3 c4 15. Qc2
f6 16. Nf3 b5 17. Na3 Rb8 18. Nd2 b4 19. Naxc4 Qxc3 20. Qxc3 bxc3 21. Nb3 Rb4
0-1

[Event "AUTO-ADV-826"]
[Site "http://www.queenalice.com/game.php?id=366486"]
[Date "2008.3.6"]
[Round "1"]
[White "waldgeist"]
[Black "bugeyewrx"]
[Result "0-1"]
[WhiteElo "2034"]
[BlackElo "1817"]

1. Nf3 c5 2. g3 g6 3. Bg2 Bg7 4. c4 Nf6 5. Nc3 d6 6. O-O O-O 7. Qb3 Nc6 8. d3 b6
9. e4 Bd7 10. Re1 e5 11. a4 Rb8 12. Nd5 Nxd5 13. cxd5 Nd4 14. Nxd4 cxd4 15. f4
f6 16. Qb4 Bc8 17. Bd2 a5 18. Qc4 Bd7 19. fxe5 fxe5 20. b4 Rf7 21. Rf1 Bf6 22.
Rf2 Rc8 23. Qb3 Bg5 24. Rxf7 Kxf7 25. Rf1+ Kg7 26. Bxg5 Qxg5 27. bxa5 Qe3+ 28.
Kh1 Rc1 29. Qxb6 Rxf1+ 30. Bxf1 Qc1 31. Kg2 Bg4 32. Qb7+ Kf6 33. a6 Qd2+ 0-1

[Event "AUTO-ADV-826"]
[Site "http://www.queenalice.com/game.php?id=366493"]
[Date "2008.3.6"]
[Round "1"]
[White "chapichapo"]
[Black "waldgeist"]
[Result "0-1"]
[WhiteElo "1747"]
[BlackElo "2004"]

1. e4 g6 2. Bc4 Bg7 3. Qf3 e6 4. Nc3 Nc6 5. d3 Ne5 6. Qf4 Nxc4 7. dxc4 Bxc3+ 8.
bxc3 b6 9. Nf3 Bb7 10. Ng5 Nf6 11. e5 h6 12. Nxf7 Kxf7 13. exf6 Qxf6 14. Qxc7
Qxc3+ 15. Bd2 Qxa1+ 16. Ke2 Qd4 17. Qxb7 Qxc4+ 18. Kd1 Qa4 19. Qf3+ Ke7 20. Re1
Rac8 21. Ke2 Rxc2 22. a3 Qa5 23. Rd1 Rf8 24. Qd3 Qc5 25. f3 g5 26. Kf1 a5 27.
Be3 Qc6 28. Qh7+ Rf7 29. Qxh6 Rxf3+ 30. Kg1 Rf1+ 31. Kxf1 Qxg2+ 32. Ke1 Qe2# 0-1

[Event "AUTO-ADV-826"]
[Site "http://www.queenalice.com/game.php?id=366494"]
[Date "2008.3.6"]
[Round "1"]
[White "waldgeist"]
[Black "chapichapo"]
[Result "1-0"]
[WhiteElo "1998"]
[BlackElo "1753"]

1. Nf3 g6 2. g3 Nf6 3. Bg2 Bg7 4. c4 O-O 5. O-O d5 6. Na3 Be6 7. Qb3 b6 8. Nd4
c5 9. Nxe6 fxe6 10. d3 a5 11. Nb5 Ra6 12. a4 Nc6 13. cxd5 exd5 14. Bh3 Kh8 15.
Re1 e5 16. f3 Nd4 17. Nxd4 cxd4 18. Bd2 e4 19. Qb5 Ra7 20. b4 e3 21. Bc1 Ne8 22.
Bb2 Nd6 23. Qxd5 Nf5 24. Qxd8 Rxd8 25. b5 Bf8 26. Rac1 Bb4 27. Red1 Bd2 28. Rc6
Rd6 29. Rxd6 Nxd6 30. Bxd4+ Kg8 31. Bxb6 Rb7 32. Bc5 Nc4 33. dxc4 1-0

[Event "AUTO-ADV-826"]
[Site "http://www.queenalice.com/game.php?id=446078"]
[Date "2008.8.9"]
[Round "2"]
[White "waldgeist"]
[Black "bugeyewrx"]
[Result "1-0"]
[WhiteElo "2010"]
[BlackElo "1933"]

1. Nf3 Nf6 2. c4 g6 3. g3 Bg7 4. Bg2 O-O 5. Nc3 d6 6. O-O Be6 7. Qb3 Qd7 8. Qxb7
Nc6 9. Ne1 d5 10. cxd5 Nxd5 11. Nd3 Rfb8 12. Qa6 Rb6 13. Qa4 Nxc3 14. dxc3 Rab8
15. Nc5 Qd6 16. Nxe6 Qxe6 17. Be3 Rb5 18. c4 Rxb2 19. Qxc6 Qxc6 20. Bxc6 Rxe2
21. Bxa7 Bxa1 22. Bxb8 Rxa2 23. Bxc7 Ra7 24. Bb5 Bd4 25. Rd1 Bc5 26. Rd8+ Kg7
27. Be5+ f6 28. Bb2 Kf7 29. Kg2 g5 30. Be8+ Ke6 31. Bd4 Rc7 32. Bd7+ Kf7 33.
Bxc5 Rxc5 34. Rc8 Rxc8 35. Bxc8 1-0

[Event "AUTO-ADV-826"]
[Site "http://www.queenalice.com/game.php?id=446079"]
[Date "2008.8.9"]
[Round "2"]
[White "bugeyewrx"]
[Black "waldgeist"]
[Result "0-1"]
[WhiteElo "1957"]
[BlackElo "1996"]

1. d4 g6 2. e4 Bg7 3. Nc3 c5 4. dxc5 Qa5 5. Bd2 Qxc5 6. Qf3 Nf6 7. Bd3 Nc6 8.
Nge2 O-O 9. Qe3 Qxe3 10. Bxe3 d6 11. Bc4 Ng4 12. Bd2 Nge5 13. Bb3 b6 14. O-O-O
Bb7 15. f4 Ng4 16. Rdf1 Nf6 17. Bc4 a6 18. h3 Rac8 19. b3 e6 20. g4 b5 21. Bd3
Nb4 22. Rh2 Nxd3+ 23. cxd3 b4 24. Kb2 bxc3+ 25. Bxc3 Rfd8 26. e5 Nd5 27. Ba5 Ne3
28. Rf3 Bxf3 0-1

[Event "AUTO-ADV-826"]
[Site "http://www.queenalice.com/game.php?id=446080"]
[Date "2008.8.9"]
[Round "2"]
[White "waldgeist"]
[Black "Tonyc"]
[Result "0-1"]
[WhiteElo "2013"]
[BlackElo "1991"]

1. Nf3 Nf6 2. g3 d5 3. Bg2 Nc6 4. O-O e5 5. c4 e4 6. Ng5 h6 7. cxd5 Qxd5 8. Nxe4
Nxe4 9. d3 Nxf2 10. Bxd5 Nxd1 11. Bxf7+ Ke7 12. Bb3 Nxb2 13. Bxb2 Nd4 14. Rf7+
Kd8 15. Bxd4 Bg4 16. Nc3 Bh5 17. Bxg7 Bxf7 18. Bxh8 Bxb3 19. axb3 Kd7 20. Ra4
Re8 21. e4 a6 22. Rd4+ Kc8 23. Kg2 Bc5 24. Rd5 b6 25. Bg7 Re6 26. d4 Bb4 0-1

[Event "AUTO-ADV-826"]
[Site "http://www.queenalice.com/game.php?id=446081"]
[Date "2008.8.9"]
[Round "2"]
[White "Tonyc"]
[Black "waldgeist"]
[Result "0-1"]
[WhiteElo "1985"]
[BlackElo "2023"]

1. e4 g6 2. d4 Bg7 3. Nf3 c5 4. Bc4 cxd4 5. Nxd4 Qa5+ 6. c3 Nf6 7. Qf3 Nc6 8.
Nxc6 bxc6 9. b4 Qh5 10. Qxh5 Nxh5 11. O-O Bb7 12. Re1 d5 13. exd5 cxd5 14. Bb5+
Kf8 15. Bb2 a6 16. Ba4 Rc8 17. b5 d4 18. cxd4 Nf4 19. bxa6 Bxa6 20. Rd1 Nd3 21.
Bc3 e6 22. Rd2 Ke7 23. Rc2 Rhd8 24. h3 Bxd4 25. Bxd4 Rxc2 26. Bxc2 Rxd4 27. Nd2
Nb4 28. Bxg6 hxg6 29. Nf3 Rc4 30. a3 Nd5 31. Nd2 Rc2 32. Nb3 Rc3 33. Nd4 e5 34.
Nf3 e4 35. Re1 f5 36. Nh4 Kf6 37. g3 g5 38. Ng2 Rxa3 39. Rd1 Rd3 40. Ra1 Bc4 41.
Rc1 Nc3 42. Re1 Nd1 43. h4 gxh4 44. Nxh4 Rd2 45. f4 Nf2 46. Ng2 Ng4 47. Rc1 e3
48. Re1 e2 49. Ne3 Nxe3 50. Kf2 Nc2 51. Rc1 e1=Q+ 0-1